El sentido de la belleza : (Record no. 183559)
[ view plain ]
| 000 -LEADER | |
|---|---|
| campo de control de longitud fija | 01275nam a2200325 i 4500 |
| 001 - NÚMERO DE CONTROL | |
| campo de control | 183559 |
| 003 - IDENTIFICADOR DE NÚMERO DE CONTROL | |
| campo de control | ES-MaACL |
| 005 - FECHA Y HORA DE LA ÚLTIMA TRANSACCIÓN | |
| campo de control | 20250816062554.0 |
| 008 - DATOS DE LONGITUD FIJA--INFORMACIÓN GENERAL | |
| campo de control de longitud fija | 140721s1999 sp | |||| ||spa d |
| 020 ## - NÚMERO INTERNACIONAL ESTÁNDAR DEL LIBRO | |
| Número Internacional Estándar del Libro | 84-309-3299-2 |
| 040 ## - FUENTE DE CATALOGACIÓN | |
| Centro/agencia transcriptor | ES-MaACL |
| 080 ## - NÚMERO DE LA CLASIFICACIÓN DECIMAL UNIVERSAL | |
| Número de la Clasificación Decimal Universal | 111.852 |
| 100 1# - ENTRADA PRINCIPAL--NOMBRE DE PERSONA | |
| Nombre de persona | Santayana, George. |
| 9 (RLIN) | 103357 |
| Término indicativo de función/relación | Autor |
| 245 13 - MENCIÓN DEL TÍTULO | |
| Título | El sentido de la belleza : |
| Resto del título | un esbozo de teoría estética / |
| Mención de responsabilidad, etc. | George Santayana ; texto de la edición crítica coeditada por William C. Holzberger y Herman J. Saatkamp, Jr. ; con introducción de Arthur C. Danto ; traducción de Carmen García Trevijano. |
| 260 ## - PUBLICACIÓN, DISTRIBUCIÓN, ETC. | |
| Lugar de publicación, distribución, etc. | Madrid : |
| Nombre del editor, distribuidor, etc. | Tecnos, |
| Fecha de publicación, distribución, etc. | [1999] |
| 300 ## - DESCRIPCIÓN FÍSICA | |
| Extensión | 221 p. ; |
| Dimensiones | 22 cm. |
| 490 1# - MENCIÓN DE SERIE | |
| Mención de serie | Filosofía y ensayo |
| 650 #7 - PUNTO DE ACCESO ADICIONAL DE MATERIA--TÉRMINO DE MATERIA | |
| Término de materia o nombre geográfico como elemento de entrada | Estética |
| Fuente del encabezamiento o término | embne |
| 9 (RLIN) | 142387 |
| 700 1# - ENTRADA AGREGADA--NOMBRE PERSONAL | |
| Nombre de persona | Holzberger, William G. |
| 9 (RLIN) | 155022 |
| Término indicativo de función/relación | Editor literario |
| 700 1# - ENTRADA AGREGADA--NOMBRE PERSONAL | |
| Nombre de persona | Saatkamp, Herman J. |
| 9 (RLIN) | 155023 |
| Término indicativo de función/relación | Editor literario |
| 700 1# - ENTRADA AGREGADA--NOMBRE PERSONAL | |
| Nombre de persona | Danto, Arthur C. |
| 9 (RLIN) | 42670 |
| Término indicativo de función/relación | Autor de introducción |
| 700 1# - ENTRADA AGREGADA--NOMBRE PERSONAL | |
| Nombre de persona | García Trevijano, Carmen |
| 9 (RLIN) | 55342 |
| Término indicativo de función/relación | Traductor |
| 830 0# - PUNTO DE ACCESO ADICIONAL DE SERIE-TÍTULO UNIFORME | |
| Título uniforme | Filosofía y ensayo |
| 9 (RLIN) | 179242 |
| 852 ## - LOCALIZACIÓN | |
| Ubicación | ES-MaACL |
| Número de control de estantería | A-13169 |
| itemnumber | 190501 |
| Sublocalización o colección | R.151073 |
| Ubicación en estantería | Depósito 1 |
| Signatura antigua | Olim: N-6169 |
| Donativo/Legado | Donación: Carlos París |
| 903 ## - NOMBRE PERSONAL DE DONANTE | |
| a | París, Carlos, |
| d | 1925-2014 |
| e | Donante |
| q | 1 |
| 9 | 89133 |
| 942 ## - ELEMENTOS DE ENTRADA SECUNDARIOS (KOHA) | |
| Tipo de ítem Koha | Libro impreso |
| Suprimir en OPAC | No |
| Estatus retirado | Estado de pérdida | Fuente del sistema de clasificación o colocación | Estado de daño | No para préstamo | Biblioteca de origen | Biblioteca actual | Ubicación en estantería | Fecha de adquisición | Fuente de adquisición | Número de control de estantería | Total de préstamos | Signatura topográfica completa | Código de barras | Visto por última vez | Tipo de ítem Koha |
|---|---|---|---|---|---|---|---|---|---|---|---|---|---|---|---|
| Clasificación decimal universal | Biblioteca del Ateneo de Madrid | Biblioteca del Ateneo de Madrid | Depósito 1 | 21/07/2014 | Donación | Ateneísta | A-13169 | 1192940 | 23/02/2023 | Libro impreso |
